000 00820nam a2200277Ia 4500
001 Para_2799
003 CHAP
008 220125s1988 xx 000 0 und d
010 _a201275
040 _cCHAP
082 _aPA 512.5 G66
100 _aGonzález Estrada, Adrian
_948884
245 _aLa matemática de la economía :
_b 1. Algebra Lineal /
_c Adrian González Estrada
260 _aMéxico :
_b UACh. Departamento de Economía Agrícola
300 _av.
500 _aLa biblioteca tiene: v.1, algebra líneal
650 _aAlgebra
_982391
710 _aUACh. Departamento de Economía Agrícola
_9115862
901 _aPA 512.5 G66
902 _aM
905 _a3232201988 mx z 8000000300spa06
910 _a1988
942 _cPARA
942 _cPARA
_d1
999 _c201275
_d201275